000 01074nam a2200217 a 4500
008 120416s1984 ||||||||||||||||| || u
020 _a0442208731
050 _aTK 7868.S9 All
100 _aAllen, Phillip E
245 1 0 _aSwitched capacitor circuits
260 _aNew York:
_bVan Nostrand Reinhold
_c1984
300 _axv,759p.: ill.
350 _a0.00
490 _aVan Nostrand Reinhold electrical/computer science and engineering series
500 _aIncludes index. -Bibliography: p. 748-749.
650 _aSWITCHED CAPACITOR CIRCUITS
700 _aSâanchez-Sinencio, Edgar
995 _aANNEX COLLECTION (Main Library)
_D0.00
_e721706
_FCBU-MAIN LIBRARY (Kitwe)
_H3
_I56.60
_jTK 7868.S9 All
_UAVAILABLE
_y016632
_ZAnnex Low-Usage Collection
995 _aANNEX COLLECTION (Main Library)
_D0.00
_e719259
_FCBU-MAIN LIBRARY (Kitwe)
_H2
_I56.60
_jTK 7868.S9 All
_M3
_UAVAILABLE
_y016631
_ZAnnex Low-Usage Collection
995 _aANNEX COLLECTION (Main Library)
_D0.00
_e712619
_FCBU-MAIN LIBRARY (Kitwe)
_H1
_I56.60
_jTK 7868.S9 All
_UAVAILABLE
_y016633
_ZAnnex Low-Usage Collection
999 _c80876
_d80876